[Event "ODJM A 2022"]
[Site "Willingen GER"]
[Date "2022.06.10"]
[Round "8"]
[White "Lohr, Maximilian"]
[Black "Kruse, Victor"]
[Result "1-0"]
[Termination "normal"]
[Board "9"]
[WhiteElo "2080"]
[BlackElo "1733"]
[WhiteClock "00:49:52"]
[BlackClock "00:09:35"]
[PlyCount "87"]
[WhiteFideId "12999717"]
[BlackFideId "16256964"]
[EventCountry "GER"]
[EventRounds "9"]
[EventType "swiss"]
[EventDate "2022.06.04"]

1. d4 {[%clk 1:30:57]} d5 {[%clk 1:30:44]} 2. Nc3 {[%clk 1:31:17]} c6 {[%clk
1:24:33]} 3. Bf4 {[%clk 1:31:32]} e6 {[%clk 1:24:33]} 4. e3 {[%clk 1:29:42]}
Bb4 {[%clk 1:23:58]} 5. Qg4 {[%clk 1:24:56]} Bf8 {[%clk 1:01:17]} 6. Qf3 {[%clk
1:24:51]} Nf6 {[%clk 0:54:50]} 7. O-O-O {[%clk 1:17:22]} h5 {[%clk 0:48:32]} 8.
h3 {[%clk 1:16:26]} b6 {[%clk 0:41:21]} 9. g3 {[%clk 1:11:53]} Bd6 {[%clk
0:35:51]} 10. Bg2 {[%clk 1:09:11]} Na6 {[%clk 0:30:41]} 11. Nge2 {[%clk
1:07:20]} Bb7 {[%clk 0:26:12]} 12. g4 {[%clk 1:05:05]} Qe7 {[%clk 0:24:57]} 13.
g5 {[%clk 1:04:31]} Nd7 {[%clk 0:24:47]} 14. e4 {[%clk 1:04:17]} Bxf4+ {[%clk
0:23:26]} 15. Qxf4 {[%clk 1:03:24]} O-O-O {[%clk 0:22:38]} 16. exd5 {[%clk
1:03:07]} cxd5 {[%clk 0:20:43]} 17. Nb5 {[%clk 1:01:52]} Nf8 {[%clk 0:19:07]}
18. Rd3 {[%clk 0:57:31]} Bc6 {[%clk 0:13:58]} 19. Rc3 {[%clk 0:57:50]} Nb8
{[%clk 0:14:18]} 20. h4 {[%clk 0:51:37]} Kb7 {[%clk 0:14:40]} 21. Na3 {[%clk
0:51:19]} Ng6 {[%clk 0:14:29]} 22. Qg3 {[%clk 0:50:28]} b5 {[%clk 0:11:20]} 23.
Nxb5 {[%clk 0:47:25]} Bxb5 {[%clk 0:11:03]} 24. Rb3 {[%clk 0:47:48]} Ka6 {[%clk
0:07:23]} 25. Nc3 {[%clk 0:47:54]} Bc4 {[%clk 0:06:52]} 26. Bf1 {[%clk
0:47:52]} Nc6 {[%clk 0:06:50]} 27. Na4 {[%clk 0:47:25]} Nxd4 {[%clk 0:06:02]}
28. Qc3 {[%clk 0:40:20]} Nxb3+ {[%clk 0:02:33]} 29. axb3 {[%clk 0:40:46]} Rc8
{[%clk 0:01:00]} 30. bxc4 {[%clk 0:40:59]} Kb7 {[%clk 0:01:14]} 31. c5 {[%clk
0:39:48]} Qc7 {[%clk 0:01:02]} 32. Kb1 {[%clk 0:37:35]} Ne5 {[%clk 0:01:01]}
33. Rh3 {[%clk 0:36:42]} Nc6 {[%clk 0:00:39]} 34. b4 {[%clk 0:33:25]} Qe5
{[%clk 0:00:37]} 35. b5 {[%clk 0:33:36]} Ka8 {[%clk 0:00:33]} 36. bxc6 {[%clk
0:33:44]} Qxc3 {[%clk 0:00:58]} 37. Rxc3 {[%clk 0:33:21]} Rxc6 {[%clk 0:01:18]}
38. Rb3 {[%clk 0:26:49]} Rb8 {[%clk 0:01:04]} 39. Bb5 {[%clk 0:27:10]} Rc7
{[%clk 0:01:17]} 40. Kb2 {[%clk 0:21:24]} f6 {[%clk 0:01:10]} 41. g6 {[%clk
0:21:34]} Rh8 {[%clk 0:25:57]} 42. c6 {[%clk 0:51:25]} a5 {[%clk 0:15:52]} 43.
Ba6 {[%clk 0:50:28]} Re7 {[%clk 0:09:35]} 44. Nb6+ {[%clk 0:49:52]} 1-0

[Event "ODJM A 2022"]
[Site "Willingen GER"]
[Date "2022.06.10"]
[Round "8"]
[White "Schmitt, Daniel"]
[Black "Weigand, Anton"]
[Result "1-0"]
[Termination "normal"]
[Board "10"]
[WhiteElo "2128"]
[BlackElo "1872"]
[WhiteClock "00:39:32"]
[BlackClock "00:35:16"]
[PlyCount "65"]
[WhiteFideId "16279018"]
[BlackFideId "16221915"]
[EventCountry "GER"]
[EventRounds "9"]
[EventType "swiss"]
[EventDate "2022.06.04"]

1. e4 {[%clk 1:30:57]} c5 {[%clk 1:30:56]} 2. Nf3 {[%clk 1:31:22]} e6 {[%clk
1:31:19]} 3. d4 {[%clk 1:31:47]} cxd4 {[%clk 1:31:40]} 4. Nxd4 {[%clk 1:32:12]}
Nc6 {[%clk 1:32:02]} 5. Nc3 {[%clk 1:32:37]} Nf6 {[%clk 1:32:06]} 6. Ndb5
{[%clk 1:30:56]} d6 {[%clk 1:25:48]} 7. Bf4 {[%clk 1:31:10]} e5 {[%clk
1:26:07]} 8. Bg5 {[%clk 1:31:34]} a6 {[%clk 1:26:09]} 9. Na3 {[%clk 1:31:58]}
b5 {[%clk 1:26:20]} 10. Nd5 {[%clk 1:32:23]} Be7 {[%clk 1:26:40]} 11. Bxf6
{[%clk 1:32:40]} Bxf6 {[%clk 1:26:39]} 12. c4 {[%clk 1:32:22]} b4 {[%clk
1:26:41]} 13. Nc2 {[%clk 1:32:46]} a5 {[%clk 1:26:49]} 14. g3 {[%clk 1:32:16]}
g6 {[%clk 1:25:53]} 15. Bg2 {[%clk 1:32:12]} Bg7 {[%clk 1:26:15]} 16. O-O
{[%clk 1:30:37]} O-O {[%clk 1:26:36]} 17. b3 {[%clk 1:28:06]} Rb8 {[%clk
1:22:41]} 18. Qd2 {[%clk 1:21:30]} f5 {[%clk 1:15:58]} 19. exf5 {[%clk
1:18:57]} gxf5 {[%clk 1:04:48]} 20. Rad1 {[%clk 1:18:03]} Bb7 {[%clk 1:04:43]}
21. f4 {[%clk 1:11:11]} Kh8 {[%clk 0:59:58]} 22. Bh3 {[%clk 1:09:51]} Nd4
{[%clk 0:55:26]} 23. Nxd4 {[%clk 0:58:39]} exd4 {[%clk 0:55:12]} 24. Rfe1
{[%clk 0:55:11]} Qc8 {[%clk 0:50:52]} 25. Qd3 {[%clk 0:52:44]} Bxd5 {[%clk
0:48:42]} 26. cxd5 {[%clk 0:53:08]} Re8 {[%clk 0:42:17]} 27. Rxe8+ {[%clk
0:50:01]} Qxe8 {[%clk 0:42:23]} 28. Bxf5 {[%clk 0:50:20]} Qe3+ {[%clk 0:41:04]}
29. Kf1 {[%clk 0:45:37]} Re8 {[%clk 0:38:07]} 30. Bxh7 {[%clk 0:43:02]} Rc8
{[%clk 0:36:56]} 31. Re1 {[%clk 0:42:22]} Qxd3+ {[%clk 0:36:07]} 32. Bxd3
{[%clk 0:42:45]} Kg8 {[%clk 0:35:16]} 33. Bc4 {[%clk 0:39:32]} 1-0

[Event "ODJM A 2022"]
[Site "Willingen GER"]
[Date "2022.06.10"]
[Round "8"]
[White "Struck, Lasse"]
[Black "Dornieden, Jonas"]
[Result "0-1"]
[Termination "normal"]
[Board "11"]
[WhiteElo "1847"]
[BlackElo "2069"]
[WhiteClock "00:12:21"]
[BlackClock "00:15:42"]
[PlyCount "110"]
[WhiteFideId "16255623"]
[BlackFideId "1336460"]
[EventCountry "GER"]
[EventRounds "9"]
[EventType "swiss"]
[EventDate "2022.06.04"]

1. e4 {[%clk 1:30:54]} c5 {[%clk 1:30:54]} 2. Nc3 {[%clk 1:31:09]} Nc6 {[%clk
1:31:14]} 3. Bb5 {[%clk 1:31:20]} Nd4 {[%clk 1:31:14]} 4. Bc4 {[%clk 1:31:18]}
e6 {[%clk 1:31:14]} 5. Nge2 {[%clk 1:31:20]} a6 {[%clk 1:27:40]} 6. a4 {[%clk
1:29:34]} Nf6 {[%clk 1:23:21]} 7. O-O {[%clk 1:29:31]} Rb8 {[%clk 1:21:59]} 8.
e5 {[%clk 1:19:03]} Ng8 {[%clk 1:19:26]} 9. d3 {[%clk 1:12:41]} Ne7 {[%clk
1:10:33]} 10. Nxd4 {[%clk 1:05:06]} cxd4 {[%clk 1:10:58]} 11. Ne4 {[%clk
1:03:20]} Nc6 {[%clk 1:09:44]} 12. Bg5 {[%clk 0:56:59]} Qc7 {[%clk 1:06:46]}
13. f4 {[%clk 0:57:02]} b5 {[%clk 0:52:27]} 14. axb5 {[%clk 0:56:09]} axb5
{[%clk 0:52:52]} 15. Ba2 {[%clk 0:42:40]} Nb4 {[%clk 0:46:12]} 16. Bb3 {[%clk
0:41:30]} Bb7 {[%clk 0:44:47]} 17. f5 {[%clk 0:32:27]} Bd5 {[%clk 0:33:48]} 18.
Nd6+ {[%clk 0:26:05]} Bxd6 {[%clk 0:34:06]} 19. exd6 {[%clk 0:26:28]} Qb7
{[%clk 0:28:11]} 20. fxe6 {[%clk 0:21:18]} dxe6 {[%clk 0:27:34]} 21. Be7 {[%clk
0:18:46]} Bxb3 {[%clk 0:22:00]} 22. cxb3 {[%clk 0:18:57]} h5 {[%clk 0:19:42]}
23. Rc1 {[%clk 0:17:17]} Nd5 {[%clk 0:18:00]} 24. Qf3 {[%clk 0:17:16]} f6
{[%clk 0:17:49]} 25. Qe4 {[%clk 0:12:46]} Kf7 {[%clk 0:16:55]} 26. Qxd4 {[%clk
0:11:13]} Qb6 {[%clk 0:16:48]} 27. Qxb6 {[%clk 0:09:37]} Rxb6 {[%clk 0:17:15]}
28. Ra1 {[%clk 0:07:46]} Nxe7 {[%clk 0:16:38]} 29. dxe7 {[%clk 0:08:02]} Re8
{[%clk 0:16:56]} 30. Ra7 {[%clk 0:06:30]} Rxe7 {[%clk 0:17:16]} 31. Rfa1 {[%clk
0:06:01]} Rd6 {[%clk 0:15:40]} 32. Rxe7+ {[%clk 0:06:04]} Kxe7 {[%clk 0:16:06]}
33. Ra5 {[%clk 0:05:43]} Rxd3 {[%clk 0:10:08]} 34. Rxb5 {[%clk 0:06:05]} Rd1+
{[%clk 0:10:12]} 35. Kf2 Rd2+ 36. Kf3 {[%clk 0:06:24]} Rxb2 {[%clk 0:09:29]}
37. Rb7+ {[%clk 0:06:31]} Kf8 {[%clk 0:08:02]} 38. b4 {[%clk 0:06:06]} Kg8
{[%clk 0:07:18]} 39. b5 {[%clk 0:05:21]} h4 {[%clk 0:05:35]} 40. h3 {[%clk
0:03:56]} Kh7 {[%clk 0:04:06]} 41. Rb8 {[%clk 0:24:35]} Kg6 {[%clk 0:30:54]}
42. b6 {[%clk 0:21:11]} Kf5 {[%clk 0:30:18]} 43. b7 {[%clk 0:17:49]} Rb3+
{[%clk 0:29:03]} 44. Kf2 g5 {[%clk 0:25:59]} 45. Kg1 {[%clk 0:15:51]} Rb2
{[%clk 0:25:56]} 46. Kf1 {[%clk 0:15:35]} e5 {[%clk 0:26:00]} 47. Kg1 {[%clk
0:15:32]} e4 {[%clk 0:26:08]} 48. Kf1 {[%clk 0:14:54]} Kf4 {[%clk 0:22:04]} 49.
Rf8 {[%clk 0:14:30]} Rxb7 {[%clk 0:22:26]} 50. Rxf6+ {[%clk 0:14:47]} Ke3
{[%clk 0:22:09]} 51. g4 {[%clk 0:12:48]} Rb2 {[%clk 0:21:38]} 52. Kg1 {[%clk
0:13:31]} Kd4 {[%clk 0:17:30]} 53. Rf5 {[%clk 0:12:17]} Rb1+ {[%clk 0:15:21]}
54. Kf2 {[%clk 0:12:21]} e3+ {[%clk 0:15:21]} 55. Kf3 {[%clk 0:12:21]} Rb2
{[%clk 0:15:42]} 0-1

[Event "ODJM A 2022"]
[Site "Willingen GER"]
[Date "2022.06.10"]
[Round "8"]
[White "Kotyk, Michael"]
[Black "Jenner, Meikel"]
[Result "1-0"]
[Termination "normal"]
[Board "12"]
[WhiteElo "2197"]
[BlackElo "1981"]
[WhiteClock "00:06:14"]
[BlackClock "00:18:34"]
[PlyCount "105"]
[WhiteFideId "16214501"]
[BlackFideId "16245342"]
[EventCountry "GER"]
[EventRounds "9"]
[EventType "swiss"]
[EventDate "2022.06.04"]

1. d4 {[%clk 1:30:56]} d5 {[%clk 1:30:56]} 2. c4 {[%clk 1:31:22]} Nc6 {[%clk
1:31:21]} 3. Nf3 {[%clk 1:27:24]} Bg4 {[%clk 1:29:17]} 4. Nc3 {[%clk 1:14:05]}
dxc4 {[%clk 1:21:28]} 5. d5 {[%clk 1:11:06]} Bxf3 {[%clk 1:20:01]} 6. gxf3
{[%clk 1:10:22]} Ne5 {[%clk 1:18:57]} 7. Qd4 {[%clk 1:03:47]} Ng6 {[%clk
1:13:42]} 8. Qxc4 {[%clk 1:01:21]} Nf6 {[%clk 1:11:42]} 9. Qb5+ {[%clk
1:00:04]} c6 {[%clk 1:10:16]} 10. Qxb7 {[%clk 0:56:45]} cxd5 {[%clk 1:07:54]}
11. e4 {[%clk 0:56:50]} Qc8 {[%clk 1:07:07]} 12. Bb5+ {[%clk 0:57:07]} Kd8
{[%clk 1:07:31]} 13. Ba6 {[%clk 0:52:49]} Qxb7 {[%clk 1:05:50]} 14. Bxb7 {[%clk
0:53:13]} Rb8 {[%clk 1:06:15]} 15. Bxd5 {[%clk 0:53:39]} e6 {[%clk 1:05:29]}
16. Bb3 {[%clk 0:53:40]} Bb4 {[%clk 1:05:13]} 17. Bd2 {[%clk 0:52:26]} Ke7
{[%clk 1:05:15]} 18. O-O-O {[%clk 0:47:48]} Ne5 {[%clk 1:03:25]} 19. Bf4 {[%clk
0:46:56]} Nfd7 {[%clk 1:02:42]} 20. Ba4 {[%clk 0:42:23]} Rbc8 {[%clk 0:55:22]}
21. Kc2 {[%clk 0:36:17]} f6 {[%clk 0:45:22]} 22. Bxd7 {[%clk 0:34:19]} Nxd7
{[%clk 0:45:45]} 23. Rhg1 {[%clk 0:34:42]} g5 {[%clk 0:45:09]} 24. Be3 {[%clk
0:34:46]} Nc5 {[%clk 0:40:49]} 25. Rd4 {[%clk 0:30:10]} Ba5 {[%clk 0:31:58]}
26. Rc4 {[%clk 0:29:26]} Bb6 {[%clk 0:31:41]} 27. e5 {[%clk 0:28:28]} Nd7
{[%clk 0:28:38]} 28. exf6+ {[%clk 0:27:58]} Nxf6 {[%clk 0:29:02]} 29. Rxc8
{[%clk 0:27:59]} Rxc8 {[%clk 0:29:21]} 30. Rxg5 {[%clk 0:27:47]} Kf7 {[%clk
0:27:12]} 31. Bxb6 {[%clk 0:24:59]} axb6 {[%clk 0:27:36]} 32. Kd3 {[%clk
0:25:13]} h6 {[%clk 0:27:51]} 33. Rb5 {[%clk 0:25:32]} Rg8 {[%clk 0:27:57]} 34.
h4 {[%clk 0:24:14]} Nd7 {[%clk 0:28:14]} 35. Ne4 {[%clk 0:24:01]} Rg2 {[%clk
0:28:02]} 36. Ke3 {[%clk 0:22:57]} Rh2 {[%clk 0:28:22]} 37. h5 {[%clk 0:22:53]}
Rh1 {[%clk 0:27:56]} 38. Nd6+ {[%clk 0:19:35]} Kf6 {[%clk 0:28:09]} 39. Nc8
{[%clk 0:17:30]} Ne5 {[%clk 0:27:06]} 40. Nxb6 {[%clk 0:15:59]} Re1+ {[%clk
0:27:32]} 41. Kf4 {[%clk 0:15:32]} Nd3+ {[%clk 0:26:55]} 42. Kg3 {[%clk
0:15:44]} e5 {[%clk 0:25:32]} 43. Nc4 {[%clk 0:11:16]} Rg1+ {[%clk 0:21:40]}
44. Kh2 {[%clk 0:11:34]} Rg5 {[%clk 0:22:06]} 45. Rb6+ {[%clk 0:11:22]} Kg7
{[%clk 0:22:32]} 46. Rg6+ {[%clk 0:08:01]} Rxg6 {[%clk 0:21:39]} 47. hxg6
{[%clk 0:08:26]} Kxg6 {[%clk 0:22:02]} 48. a4 {[%clk 0:08:31]} Kf5 {[%clk
0:21:59]} 49. a5 {[%clk 0:08:54]} Nb4 {[%clk 0:22:07]} 50. Kg3 {[%clk 0:09:17]}
Ke6 {[%clk 0:21:00]} 51. f4 {[%clk 0:07:07]} e4 {[%clk 0:18:31]} 52. Kg4 {[%clk
0:06:02]} h5+ {[%clk 0:18:34]} 53. Kg5 {[%clk 0:06:14]} 1-0

[Event "ODJM A 2022"]
[Site "Willingen GER"]
[Date "2022.06.10"]
[Round "8"]
[White "Pick, Max"]
[Black "Kracht, Raphael"]
[Result "1/2-1/2"]
[Termination "normal"]
[Board "14"]
[WhiteElo "1841"]
[BlackElo "2086"]
[WhiteClock "00:03:10"]
[BlackClock "00:19:05"]
[PlyCount "134"]
[WhiteFideId "16210883"]
[BlackFideId "16214382"]
[EventCountry "GER"]
[EventRounds "9"]
[EventType "swiss"]
[EventDate "2022.06.04"]

1. e4 {[%clk 1:30:58]} e5 {[%clk 1:30:56]} 2. Nf3 {[%clk 1:31:25]} Nc6 {[%clk
1:31:23]} 3. Bb5 {[%clk 1:31:51]} Nf6 {[%clk 1:31:49]} 4. O-O {[%clk 1:32:15]}
Nxe4 {[%clk 1:32:17]} 5. Re1 {[%clk 1:32:27]} Nd6 {[%clk 1:32:26]} 6. Bxc6
{[%clk 1:31:56]} dxc6 {[%clk 1:32:51]} 7. Rxe5+ {[%clk 1:31:51]} Be7 {[%clk
1:33:00]} 8. Qe2 {[%clk 1:31:18]} Nf5 {[%clk 1:27:12]} 9. d3 {[%clk 1:27:11]}
Be6 {[%clk 1:24:16]} 10. Nc3 {[%clk 1:24:58]} Qd7 {[%clk 1:22:19]} 11. Bf4
{[%clk 1:13:45]} O-O-O {[%clk 1:21:51]} 12. Ra5 {[%clk 1:11:22]} Nd4 {[%clk
1:15:35]} 13. Nxd4 {[%clk 1:05:23]} Qxd4 {[%clk 1:16:00]} 14. Qe5 {[%clk
0:57:12]} Qxe5 {[%clk 1:15:05]} 15. Rxe5 {[%clk 0:56:41]} Bd6 {[%clk 1:13:20]}
16. Re4 {[%clk 0:56:55]} Bf5 {[%clk 1:12:29]} 17. Rd4 {[%clk 0:55:46]} c5
{[%clk 1:06:35]} 18. Rc4 {[%clk 0:55:21]} Be6 {[%clk 1:06:25]} 19. Re4 {[%clk
0:55:09]} b6 {[%clk 1:05:47]} 20. Bxd6 {[%clk 0:53:33]} cxd6 {[%clk 1:05:46]}
21. Rae1 {[%clk 0:53:11]} h6 {[%clk 0:59:14]} 22. Ne2 {[%clk 0:51:51]} g5
{[%clk 0:59:30]} 23. a3 {[%clk 0:46:11]} Kd7 {[%clk 0:54:42]} 24. Nc3 {[%clk
0:38:20]} Rhe8 {[%clk 0:51:12]} 25. f3 {[%clk 0:25:18]} a6 {[%clk 0:45:42]} 26.
Kf2 {[%clk 0:20:57]} b5 {[%clk 0:45:36]} 27. R4e2 {[%clk 0:16:20]} Rb8 {[%clk
0:34:38]} 28. Ne4 {[%clk 0:14:16]} Rec8 {[%clk 0:35:01]} 29. c3 {[%clk
0:11:50]} d5 {[%clk 0:33:19]} 30. Nf6+ {[%clk 0:11:51]} Kd6 {[%clk 0:33:46]}
31. Rd2 {[%clk 0:09:31]} a5 {[%clk 0:31:34]} 32. d4 {[%clk 0:09:12]} c4 {[%clk
0:31:45]} 33. g4 {[%clk 0:07:19]} b4 {[%clk 0:30:40]} 34. axb4 {[%clk 0:07:21]}
axb4 {[%clk 0:31:03]} 35. Ra1 {[%clk 0:06:31]} Ke7 {[%clk 0:29:22]} 36. Nh5
{[%clk 0:06:53]} Ra8 {[%clk 0:29:33]} 37. Rxa8 {[%clk 0:02:38]} Rxa8 {[%clk
0:29:59]} 38. cxb4 {[%clk 0:03:01]} Rb8 {[%clk 0:30:12]} 39. Ng3 {[%clk
0:03:04]} Rxb4 {[%clk 0:30:37]} 40. Ne2 {[%clk 0:03:04]} Kd6 {[%clk 0:29:06]}
41. Nc3 {[%clk 0:29:30]} Kc6 {[%clk 0:57:54]} 42. Ke3 {[%clk 0:24:15]} f6
{[%clk 0:56:52]} 43. Kf2 {[%clk 0:23:30]} Bf7 {[%clk 0:57:04]} 44. Ke3 {[%clk
0:23:35]} Bg6 {[%clk 0:57:27]} 45. Kf2 {[%clk 0:23:54]} Kd6 {[%clk 0:55:43]}
46. Ke3 {[%clk 0:23:41]} Rb8 {[%clk 0:55:58]} 47. Kf2 {[%clk 0:23:33]} Ra8
{[%clk 0:54:25]} 48. Ke3 {[%clk 0:20:59]} Kc6 {[%clk 0:53:18]} 49. Kf2 {[%clk
0:19:46]} Bd3 {[%clk 0:53:19]} 50. Ke3 {[%clk 0:19:00]} f5 {[%clk 0:53:41]} 51.
Kf2 {[%clk 0:17:09]} Ra1 {[%clk 0:50:42]} 52. Rd1 {[%clk 0:16:48]} Ra8 {[%clk
0:50:39]} 53. Rd2 {[%clk 0:16:54]} Rf8 {[%clk 0:50:43]} 54. Ke3 {[%clk
0:13:00]} Rf7 {[%clk 0:43:51]} 55. h3 {[%clk 0:08:57]} Ra7 {[%clk 0:42:37]} 56.
Kf2 {[%clk 0:07:46]} Ra8 {[%clk 0:39:44]} 57. Kg3 {[%clk 0:05:49]} Rf8 {[%clk
0:39:29]} 58. Rf2 {[%clk 0:04:55]} f4+ {[%clk 0:32:45]} 59. Kg2 {[%clk
0:04:50]} Re8 {[%clk 0:32:25]} 60. Rd2 {[%clk 0:04:27]} Re1 {[%clk 0:31:45]}
61. Rd1 {[%clk 0:03:54]} Re7 {[%clk 0:24:08]} 62. Kf2 {[%clk 0:04:06]} Rb7
{[%clk 0:22:11]} 63. Rd2 {[%clk 0:04:22]} Kd6 {[%clk 0:22:36]} 64. Ke1 {[%clk
0:03:57]} Rb8 {[%clk 0:18:15]} 65. Kf2 {[%clk 0:04:18]} Kc6 {[%clk 0:18:40]}
66. Ke1 {[%clk 0:04:37]} Rd8 {[%clk 0:19:05]} 67. Kf2 {[%clk 0:03:10]} Rb8
1/2-1/2

[Event "ODJM A 2022"]
[Site "Willingen GER"]
[Date "2022.06.10"]
[Round "8"]
[White "Irkilmez, Yakub"]
[Black "Kliashtornyi, Arkadii"]
[Result "1-0"]
[Termination "normal"]
[Board "15"]
[WhiteElo "2169"]
[BlackElo "1755"]
[WhiteClock "00:03:15"]
[BlackClock "00:21:45"]
[PlyCount "145"]
[WhiteFideId "16204581"]
[BlackFideId "34119698"]
[EventCountry "GER"]
[EventRounds "9"]
[EventType "swiss"]
[EventDate "2022.06.04"]

1. d4 {[%clk 1:30:06]} Nf6 {[%clk 1:30:53]} 2. c4 {[%clk 1:30:30]} g6 {[%clk
1:31:17]} 3. Nc3 {[%clk 1:30:56]} Bg7 {[%clk 1:31:41]} 4. e4 {[%clk 1:31:20]}
d6 {[%clk 1:32:05]} 5. h3 {[%clk 1:31:42]} O-O {[%clk 1:32:12]} 6. Bg5 {[%clk
1:32:06]} h6 {[%clk 1:30:00]} 7. Be3 {[%clk 1:31:09]} e5 {[%clk 1:28:09]} 8. d5
{[%clk 1:31:27]} a5 {[%clk 1:19:27]} 9. Qd2 {[%clk 1:30:02]} Kh7 {[%clk
1:16:55]} 10. Bd3 {[%clk 1:30:17]} Na6 {[%clk 1:16:10]} 11. Nge2 {[%clk
1:28:51]} Nc5 {[%clk 1:15:18]} 12. Bc2 {[%clk 1:29:13]} Ne8 {[%clk 1:09:36]}
13. g4 {[%clk 1:28:01]} Bd7 {[%clk 1:00:28]} 14. Ng3 {[%clk 1:09:42]} c6 {[%clk
0:46:52]} 15. O-O-O {[%clk 1:00:30]} cxd5 {[%clk 0:38:58]} 16. exd5 {[%clk
0:38:49]} f5 {[%clk 0:32:03]} 17. h4 {[%clk 0:30:16]} f4 {[%clk 0:27:30]} 18.
Bxc5 {[%clk 0:30:35]} fxg3 {[%clk 0:25:10]} 19. Qd3 {[%clk 0:27:39]} Qf6 {[%clk
0:24:13]} 20. Ne4 {[%clk 0:20:19]} Qf7 {[%clk 0:21:53]} 21. h5 {[%clk 0:13:55]}
Kg8 {[%clk 0:21:08]} 22. Be3 {[%clk 0:13:47]} Bxg4 {[%clk 0:18:23]} 23. Rdg1
{[%clk 0:12:54]} Bf3 {[%clk 0:11:38]} 24. hxg6 {[%clk 0:12:22]} Qxg6 {[%clk
0:11:51]} 25. Rxg3 {[%clk 0:12:06]} Qxe4 {[%clk 0:10:22]} 26. Qxe4 {[%clk
0:11:50]} Bxe4 {[%clk 0:10:50]} 27. Bxe4 {[%clk 0:12:11]} Rf7 {[%clk 0:06:45]}
28. Rxh6 {[%clk 0:03:39]} Kf8 {[%clk 0:06:46]} 29. Rh4 {[%clk 0:03:30]} Rc8
{[%clk 0:06:20]} 30. b3 {[%clk 0:03:17]} b5 {[%clk 0:05:55]} 31. Bd3 {[%clk
0:03:39]} bxc4 {[%clk 0:06:18]} 32. Bxc4 {[%clk 0:03:40]} Rfc7 {[%clk 0:05:59]}
33. Kd2 {[%clk 0:03:16]} Nf6 {[%clk 0:04:35]} 34. a4 {[%clk 0:02:43]} Re7
{[%clk 0:02:59]} 35. Rg1 {[%clk 0:01:20]} Kf7 {[%clk 0:02:46]} 36. Ke2 {[%clk
0:01:34]} Rg8 {[%clk 0:01:53]} 37. Rg3 {[%clk 0:00:47]} Rc8 {[%clk 0:02:05]}
38. Rg2 {[%clk 0:01:00]} Rg8 {[%clk 0:02:12]} 39. Kd2 {[%clk 0:00:38]} Rc8
{[%clk 0:02:33]} 40. Rg1 {[%clk 0:00:34]} Rg8 {[%clk 0:02:48]} 41. Rb1 {[%clk
0:25:14]} Rb8 {[%clk 0:32:21]} 42. Ke2 {[%clk 0:25:00]} Kf8 {[%clk 0:31:40]}
43. Bc1 {[%clk 0:24:24]} Reb7 {[%clk 0:29:34]} 44. Ba3 {[%clk 0:21:53]} Rd8
{[%clk 0:28:52]} 45. b4 {[%clk 0:10:02]} axb4 {[%clk 0:27:33]} 46. Rxb4 {[%clk
0:09:19]} Rxb4 {[%clk 0:27:31]} 47. Bxb4 {[%clk 0:09:44]} Ke7 {[%clk 0:26:53]}
48. a5 {[%clk 0:07:22]} Rb8 {[%clk 0:26:32]} 49. Bc3 {[%clk 0:03:45]} Nd7
{[%clk 0:25:20]} 50. Rh7 {[%clk 0:03:00]} Kf8 {[%clk 0:25:39]} 51. Rh3 {[%clk
0:03:05]} Nc5 {[%clk 0:25:11]} 52. Rf3+ {[%clk 0:01:12]} Ke7 {[%clk 0:25:39]}
53. Rg3 {[%clk 0:01:28]} Bf6 {[%clk 0:25:12]} 54. Rh3 {[%clk 0:01:28]} Bg7
{[%clk 0:25:38]} 55. Rh4 {[%clk 0:01:17]} Kf8 {[%clk 0:24:03]} 56. Bd2 {[%clk
0:01:10]} Bf6 {[%clk 0:23:36]} 57. Rh3 {[%clk 0:01:07]} Ne4 {[%clk 0:23:07]}
58. Rb3 {[%clk 0:01:06]} Rxb3 {[%clk 0:23:36]} 59. Bxb3 {[%clk 0:01:28]} Nxd2
{[%clk 0:24:01]} 60. a6 {[%clk 0:01:39]} Nxb3 {[%clk 0:23:35]} 61. a7 {[%clk
0:01:58]} Nd4+ {[%clk 0:23:56]} 62. Kd3 {[%clk 0:02:09]} Kf7 {[%clk 0:23:15]}
63. a8=Q {[%clk 0:02:32]} Be7 {[%clk 0:23:11]} 64. Qc8 {[%clk 0:02:36]} Nb3
{[%clk 0:21:15]} 65. Ke4 {[%clk 0:02:05]} Nc5+ {[%clk 0:20:58]} 66. Kf3 {[%clk
0:02:15]} Kf6 {[%clk 0:20:41]} 67. Kg4 {[%clk 0:02:11]} Kf7 {[%clk 0:21:02]}
68. Qh8 {[%clk 0:02:02]} Nd7 {[%clk 0:21:00]} 69. Qh5+ {[%clk 0:01:54]} Kf8
{[%clk 0:21:05]} 70. Kf5 {[%clk 0:02:10]} Nf6 {[%clk 0:21:04]} 71. Qh6+ {[%clk
0:02:28]} Kf7 {[%clk 0:21:22]} 72. Qg6+ {[%clk 0:02:51]} Kf8 {[%clk 0:21:45]}
73. Ke6 {[%clk 0:03:15]} 1-0

[Event "ODJM A 2022"]
[Site "Willingen GER"]
[Date "2022.06.10"]
[Round "8"]
[White "Schwartz, Oliver"]
[Black "Frohnhäuser, Simon"]
[Result "1/2-1/2"]
[Termination "normal"]
[Board "16"]
[WhiteElo "1753"]
[BlackElo "1944"]
[WhiteClock "00:03:19"]
[BlackClock "00:05:33"]
[PlyCount "75"]
[WhiteFideId "16207459"]
[BlackFideId "16208528"]
[EventCountry "GER"]
[EventRounds "9"]
[EventType "swiss"]
[EventDate "2022.06.04"]

1. d4 {[%clk 1:30:58]} Nf6 {[%clk 1:30:41]} 2. c4 {[%clk 1:31:21]} Nc6 {[%clk
1:31:04]} 3. Nf3 {[%clk 1:31:39]} e6 {[%clk 1:31:30]} 4. g3 {[%clk 1:32:01]}
Bb4+ {[%clk 1:31:49]} 5. Bd2 {[%clk 1:32:21]} Qe7 {[%clk 1:31:37]} 6. Nc3
{[%clk 1:32:45]} d6 {[%clk 1:31:36]} 7. Bg2 {[%clk 1:32:57]} O-O {[%clk
1:31:56]} 8. O-O {[%clk 1:29:04]} Bxc3 {[%clk 1:26:30]} 9. Bxc3 {[%clk
1:29:21]} e5 {[%clk 1:26:56]} 10. d5 {[%clk 1:26:05]} Nb8 {[%clk 1:25:49]} 11.
Qc2 {[%clk 1:23:24]} a5 {[%clk 1:24:29]} 12. b3 {[%clk 1:21:37]} Bg4 {[%clk
1:21:18]} 13. a3 {[%clk 1:18:41]} Qd7 {[%clk 1:10:13]} 14. e4 {[%clk 1:12:28]}
Bh3 {[%clk 1:08:07]} 15. b4 {[%clk 1:10:23]} Bxg2 {[%clk 1:05:26]} 16. Kxg2
{[%clk 1:10:47]} Qg4 {[%clk 1:03:36]} 17. Nd2 {[%clk 1:08:59]} axb4 {[%clk
1:03:59]} 18. axb4 {[%clk 1:08:05]} Nbd7 {[%clk 1:04:08]} 19. f3 {[%clk
1:02:09]} Qg5 {[%clk 1:04:03]} 20. Nb3 {[%clk 0:59:41]} Nh5 {[%clk 1:00:07]}
21. Bd2 {[%clk 0:55:42]} Qg6 {[%clk 0:59:20]} 22. Na5 {[%clk 0:54:05]} b6
{[%clk 0:51:45]} 23. Nc6 {[%clk 0:52:59]} Kh8 {[%clk 0:52:10]} 24. Ra2 {[%clk
0:46:48]} Rxa2 {[%clk 0:40:35]} 25. Qxa2 {[%clk 0:47:12]} f5 {[%clk 0:40:59]}
26. Ne7 {[%clk 0:41:58]} Qf7 {[%clk 0:37:01]} 27. Nxf5 {[%clk 0:42:01]} b5
{[%clk 0:37:25]} 28. Qa7 {[%clk 0:31:04]} Nb6 {[%clk 0:36:20]} 29. Nxd6 {[%clk
0:22:35]} Qd7 {[%clk 0:35:50]} 30. c5 {[%clk 0:21:54]} Na4 {[%clk 0:20:59]} 31.
Qb7 {[%clk 0:18:36]} Nf6 {[%clk 0:16:52]} 32. Nxb5 {[%clk 0:17:48]} Nb2 {[%clk
0:08:58]} 33. Ra1 {[%clk 0:14:10]} Nc4 {[%clk 0:08:47]} 34. Bc1 {[%clk
0:14:00]} Ne8 {[%clk 0:04:36]} 35. Ra8 {[%clk 0:12:07]} Qf7 {[%clk 0:04:57]}
36. f4 {[%clk 0:10:34]} exf4 {[%clk 0:05:24]} 37. Bxf4 {[%clk 0:06:35]} g5
{[%clk 0:05:33]} 38. Nd4 {[%clk 0:03:19]} 1/2-1/2